Utilization of bacterial microencapsulation technology to produce some important compounds in dairy products / (رقم التسجيلة. 45881)

تفاصيل مارك
000 -LEADER
fixed length control field 01691cam a2200349 a 4500
003 - CONTROL NUMBER IDENTIFIER
control field EG-GiCUC
005 - DATE AND TIME OF LATEST TRANSACTION
control field 20250223030957.0
008 - FIXED-LENGTH DATA ELEMENTS--GENERAL INFORMATION
fixed length control field 140427s2013 ua dh f m 000 0 eng d
040 ## - CATALOGING SOURCE
Original cataloging agency EG-GiCUC
Language of cataloging eng
Transcribing agency EG-GiCUC
041 0# - LANGUAGE CODE
Language code of text/sound track or separate title eng
049 ## - LOCAL HOLDINGS (OCLC)
Holding library Deposite
097 ## - Thesis Degree
Thesis Level Ph.D
099 ## - LOCAL FREE-TEXT CALL NUMBER (OCLC)
Classification number Cai01.07.06.Ph.D.2013.Ho.U
100 0# - MAIN ENTRY--PERSONAL NAME
Personal name Hoda Samir Elsayed
245 10 - TITLE STATEMENT
Title Utilization of bacterial microencapsulation technology to produce some important compounds in dairy products /
Statement of responsibility, etc. Hoda Samir Elsayed ; Supervised Samir Abdewahed Elgizawy , Olfat Sayed Barakat , Osama Mahmoud Sharaf
246 15 - VARYING FORM OF TITLE
Title proper/short title استخدام تكنولوجيا كبسلة البكتريا لانتاج بعض المركبات الهامه فى المنتجات اللبنيه
260 ## - PUBLICATION, DISTRIBUTION, ETC.
Place of publication, distribution, etc. Cairo :
Name of publisher, distributor, etc. Hoda Samir Elsayed ,
Date of publication, distribution, etc. 2013
300 ## - PHYSICAL DESCRIPTION
Extent 163 P. :
Other physical details charts , facsimiles ;
Dimensions 30cm
502 ## - DISSERTATION NOTE
Dissertation note Thesis (Ph.D.) - Cairo University - Faculty of Agriculture - Department of Microbiology
520 ## - SUMMARY, ETC.
Summary, etc. This study was conducted to evaluate the effect microencapsulated methods using sodium alginate K - carrageenan skim milk and whey protein on the production of some important compounds (Exopolysaccharides acetaldehyde , diacety1 vitamin B12) using minmicroencapsulated probiotic strains
530 ## - ADDITIONAL PHYSICAL FORM AVAILABLE NOTE
Additional physical form available note Issued also as CD
653 #4 - INDEX TERM--UNCONTROLLED
Uncontrolled term Exopolysaccharides
653 #4 - INDEX TERM--UNCONTROLLED
Uncontrolled term Microencapsulation
653 #4 - INDEX TERM--UNCONTROLLED
Uncontrolled term Propionibacteria
700 0# - ADDED ENTRY--PERSONAL NAME
Personal name Olfat Sayed Barakat ,
Relator term
700 0# - ADDED ENTRY--PERSONAL NAME
Personal name Osama Mahmoud Sharaf ,
Relator term
700 0# - ADDED ENTRY--PERSONAL NAME
Personal name Samir Abdewahed Elgizawy ,
Relator term
856 ## - ELECTRONIC LOCATION AND ACCESS
Uniform Resource Identifier <a href="http://172.23.153.220/th.pdf">http://172.23.153.220/th.pdf</a>
905 ## - LOCAL DATA ELEMENT E, LDE (RLIN)
Cataloger Nazla
Reviser Revisor
905 ## - LOCAL DATA ELEMENT E, LDE (RLIN)
Cataloger Soheir
Reviser Cataloger
942 ## - ADDED ENTRY ELEMENTS (KOHA)
Source of classification or shelving scheme Dewey Decimal Classification
Koha item type Thesis
المقتنيات
Source of classification or shelving scheme Not for loan Home library Current library Date acquired Full call number Barcode Date last seen Koha item type Copy number
Dewey Decimal Classification   المكتبة المركزبة الجديدة - جامعة القاهرة قاعة الرسائل الجامعية - الدور الاول 11.02.2024 Cai01.07.06.Ph.D.2013.Ho.U 01010110062447000 22.09.2023 Thesis  
Dewey Decimal Classification   المكتبة المركزبة الجديدة - جامعة القاهرة مخـــزن الرســائل الجـــامعية - البدروم 11.02.2024 Cai01.07.06.Ph.D.2013.Ho.U 01020110062447000 22.09.2023 CD - Rom 62447.CD
Cairo University Libraries Portal Implemented & Customized by: Eng. M. Mohamady Contacts: new-lib@cl.cu.edu.eg | cnul@cl.cu.edu.eg
CUCL logo CNUL logo
© All rights reserved — Cairo University Libraries
CUCL logo
Implemented & Customized by: Eng. M. Mohamady Contact: new-lib@cl.cu.edu.eg © All rights reserved — New Central Library
CNUL logo
Implemented & Customized by: Eng. M. Mohamady Contact: cnul@cl.cu.edu.eg © All rights reserved — Cairo National University Library